00466nam a22001457a 4500003000500000038001800005082000800023100002500031245009700056264002200153300002400175650002700199700003700226856005700263NUST aNusrat Nadeem a200 aFAROOQI QAMAR MAHEEN aA DOCUMENTARY ON CYBER BULLYING AND ONLINE TROLLING ON SOCIAL MEDIA/cQAMAR MAHEEN FAROOQI,  aIslamabad,c2023. aill:b31,p:c30,cm. aMS-Mass Communication  aSupervisor: Mr. Syed Tahir Abbas uhttp://10.250.8.41:8080/xmlui/handle/123456789/39411